| Tag |
First Indicator |
Second Indicator |
Subfields |
| LEADER |
00000cam a2200000 4500 |
| 001 |
in00000700607 |
| 005 |
20151016052725.0 |
| 008 |
780210s1929 nyuc 00010 fre |
| 010 |
|
|
|a 29030292
|
| 035 |
|
|
|a (OCoLC)03625967
|
| 035 |
|
|
|9 ADB7817AM
|
| 040 |
|
|
|a DLC
|c TLM
|d TXA
|d UtOrBLW
|
| 049 |
|
|
|a TXAM
|c 1 [69608]
|c 2 [110538]
|c 3 [227209]
|
| 050 |
|
0 |
|a PQ2623.E52
|b T4 1929
|
| 092 |
|
|
|a 842
|b L572t
|
| 100 |
1 |
|
|a Lenormand, H.-R.
|q (Henri-René),
|d 1882-1951.
|
| 245 |
1 |
3 |
|a Le temps est un songe /
|c edited with introduction, notes, and vocabulary by Henriette Moussiegt ... and Adolphe-Jacques Dickman and a preface by the author.
|
| 264 |
|
1 |
|a New York,
|a London :
|b The Century co.,
|c [1929]
|
| 264 |
|
4 |
|c [©1929]
|
| 300 |
|
|
|a xix, 116 pages :
|b frontispiece (portrait) ;
|c 20 cm.
|
| 336 |
|
|
|a text
|b txt
|2 rdacontent
|
| 337 |
|
|
|a unmediated
|b n
|2 rdamedia
|
| 338 |
|
|
|a volume
|b nc
|2 rdacarrier
|
| 490 |
0 |
|
|a The Century modern language series
|
| 700 |
1 |
|
|a Dickman, Henriette Moussiegt.
|
| 700 |
1 |
|
|a Dickman, Adolphe Jacques,
|d 1893-1969.
|
| 999 |
|
|
|a MARS
|
| 999 |
f |
f |
|s 386c7e89-9c0b-373b-9f9e-2dfb7d753958
|i 9f7ba01c-4a59-3be6-8db1-12b10c97d66b
|t 0
|
| 952 |
f |
f |
|p ric
|a Texas A&M University
|b Rellis Campus
|c Joint Library Facility
|s JLF
|d Remote Storage
|t 0
|e PQ2623.E52 T4 1929
|h Library of Congress classification
|i unmediated -- volume
|m A14801365002
|
| 998 |
f |
f |
|a PQ2623.E52 T4 1929
|t 0
|l Remote Storage
|